| 000 | 00749nam a22002297a 4500 | ||
|---|---|---|---|
| 003 | UA-OsUOA | ||
| 001 | 90741 | ||
| 007 | ta | ||
| 008 | 20121120b un ||||| |||| 00| 0 ukr d | ||
| 100 | _aПочтарев Н. | ||
| 700 | _aМягков Е. | ||
| 090 |
_a330 _bП65 |
||
| 942 | _cSA | ||
| 040 |
_aUA-OsUOA _bukr _cUA-OsUOA _dUA-OsUOA |
||
| 245 | _aУправление финансами центрального рsнка: международній опіт стимулирования экономического роста | ||
| 300 | _aС.69-74 | ||
| 955 | _a0 | ||
| 041 | _aukr | ||
| 080 | _a330 | ||
| 773 | 0 |
_w90735 _tМеждународная экономика _dМ. _d2012 _g10 |
|
| 650 | 7 |
_a330 Економіка взагалі _2UDC |
|
| 999 |
_c377017 _d377017 |
||